Central Library OPAC University of Rajshahi

An introduction to wavelets through linear algebra / (Record no. 54015)

MARC details
000 -LEADER
fixed length control field 00846nam a2200265 a 4500
001 - CONTROL NUMBER
control field 54015
003 - CONTROL NUMBER IDENTIFIER
rucl marc code BD-RjUL
005 - DATE AND TIME OF LATEST TRANSACTION
control field 20211209080048.0
008 - FIXED-LENGTH DATA ELEMENTS--GENERAL INFORMATION
fixed length control field 161031s1999 nyu b 001 0 eng
020 ## - INTERNATIONAL STANDARD BOOK NUMBER
International Standard Book Number 0387986391 (hardcover)
035 ## - SYSTEM CONTROL NUMBER
System control number (BD-RjUL)54137
040 ## - CATALOGING SOURCE
Original cataloging agency DLC
Transcribing agency DLC
Modifying agency BD-RjU
Language of cataloging eng
041 ## - LANGUAGE CODE
Language code of text/sound track or separate title eng
082 00 - DEWEY DECIMAL CLASSIFICATION NUMBER
Classification number 518
Edition number 23
Author mark and year FRI 1999
100 1# - MAIN ENTRY--PERSONAL NAME
Personal name Frazier, Michael,
Dates associated with a name 1956-
9 (RLIN) 161291
245 13 - TITLE STATEMENT
Title An introduction to wavelets through linear algebra /
Statement of responsibility, etc. Michael W. Frazier.
260 ## - PUBLICATION, DISTRIBUTION, ETC. (IMPRINT)
Place of publication, distribution, etc. New York :
Name of publisher, distributor, etc. Springer,
Date of publication, distribution, etc. c1999.
300 ## - PHYSICAL DESCRIPTION
Pagination xvi, 501 p. :
Illustrations ill. ;
Size 25 cm.
504 ## - BIBLIOGRAPHY, ETC. NOTE
Bibliography, etc Includes bibliographical references and index.
650 #0 - SUBJECT ADDED ENTRY--TOPICAL TERM
Topical term or geographic name as entry element Numerical analysis
9 (RLIN) 161293
Topical term or geographic name as entry element Wavelets (Mathematics)
9 (RLIN) 161294
Topical term or geographic name as entry element Algebras, Linear.
9 (RLIN) 161295
942 ## - ADDED ENTRY ELEMENTS (KOHA)
Source of classification or shelving scheme Dewey Decimal Classification
Koha item type Books
Holdings
Lost status Source of classification or shelving scheme Damaged status Not for loan Collection code Permanent Location Current Location Shelving location Date acquired Source of acquisition Cost, normal purchase price Total Checkouts Full call number Date last seen Copy number Koha item type
  Dewey Decimal Classification     Non-fiction Central Library, University of Rajshahi Central Library, University of Rajshahi   23/02/2006 Dhaka,Paragon Enterprise Lit., 49.95   518 FRI 1999 31/10/2016 C-2 Books
  Dewey Decimal Classification   Not For Loan Non-fiction Central Library, University of Rajshahi Central Library, University of Rajshahi Reading Room 23/02/2006 Dhaka, Paragon Ent. 49.95   518 FRI 1999 12/04/2017 C-1 Books